banner koha

Desenvolvimento da panicula em 6 genotipos de aveia (Registro n. 325308)

MARC details
000 -LÍDER
campo de controle de tamanho fixo 01043naa a22002897a 4500
001 - NÚMERO DE CONTROLE
campo de controle BR9509947
003 - IDENTIFICADOR DO NÚMERO DE CONTROLE
campo de controle BR-BrBNA
005 - DATA E HORÁRIO DA ÚLTIMA TRANSAÇÃO
campo de controle 20240918181439.0
007 - CAMPO FIXO DE DESCRIÇÃO FÍSICA--INFORMAÇÃO GERAL
campo de controle de tamanho fixo ta
008 - CAMPO DE DADOS FIXOS--INFORMAÇÃO GERAL
campo de controle de tamanho fixo 230509b bl.||||| |||| 00| 0 por d
040 ## - FONTE DA CATALOGAÇÃO
Instituição da catalogação original BR-BrBNA
Idioma da catalogação por
Instituição que transcreveu o registro Biblioteca Nacional de Agricultura
041 ## - CÓDIGO DE IDIOMA
Código do idioma do texto/trilha sonora ou título diferente (Pt)
072 ## - CÓDIGO DE CATEGORIA DE ASSUNTO
Código de Categoria de Assunto F62
Código do objeto 0140
090 ## - NÚMERO DE CHAMADA LOCAL
Número de chamada F62 BR9509947
100 1# - ENTRADA PRINCIPAL--NOME PESSOAL
Nome pessoal Mundstock, C.M.
100 1# - ENTRADA PRINCIPAL--NOME PESSOAL
Nome pessoal Laitano, C.
111 1# - ENTRADA PRINCIPAL--NOME DO EVENTO
Nome do evento ou lugar 15. Reuniao da Comissao Sulbrasileira de Pesquisa de Aveia
Local do evento Entre Rios, PR (Brazil)
Data do evento ou assinatura do tratado 5-7 Apr 1995
245 1# - TÍTULO
Título Desenvolvimento da panicula em 6 genotipos de aveia
260 3# - PUBLICAÇÃO, DISTRIBUIÇÃO, ETC.
Local de publicação, distribuição, etc. Guarapuava, PR (Brasil):
Data da publicação, distribuição, etc. 1995.
500 ## - NOTA GERAL
Nota geral 15. Reuniao da Comissao Sulbrasileira de Pesquisa de Aveia<br/>Guarapuava, PR (Brasil): 1995. p. 165-166<br/>(BR9509947-AM)F62<br/>
650 ## - ASSUNTO--TERMO TÓPICO
Cabeçalho tópico ou nome geográfico Aveia
650 ## - ASSUNTO--TERMO TÓPICO
Cabeçalho tópico ou nome geográfico Genotipo
650 ## - ASSUNTO--TERMO TÓPICO
Cabeçalho tópico ou nome geográfico Crescimento
773 0# - ENTRADA ANALÍTICA
Título 15. Reuniao da Comissao Sulbrasileira de Pesquisa de Aveia
Número de controle do registro F62 BR9509947
Partes relacionadas Guarapuava, PR (Brasil), 1995. p. 165-166
909 ## -
-- 202404
-- Lucia
-- 55
-- Lucia Elande
942 ## - ELEMENTOS DE ENTRADA ADICIONADOS (KOHA)
Tipo de material Koha Capítulo-Livro
Fonte da classificação ou esquema de arquivamento na estante Classificação AGRIS
Exemplares
Situação do descarte Fonte da classificação ou esquema de arquivamento na estante Situação física Não pode ser emprestado Coleção Biblioteca de origem Biblioteca atual Localização na estante Total de empréstimos Número de telefone completo Data de último acesso Número do exemplar Tipo de material Koha Situação das perdas Data de aquisição Fonte de aquisição
  Classificação AGRIS       Biblioteca Nacional de Agricultura - Binagri Biblioteca Nacional de Agricultura - Binagri Agrobase - Acervo Geral   0140 BR9509903 20/05/2024 01 Capítulo-Livro   2024-04-11 Portaria Interministerial nº 164/94

BINAGRI

Telefone: (61)3218-2567/2388/3357/2097 - binagri@agro.gov.br

Ministério da Agricultura e Pecuária , Esplanada dos Ministérios, Bloco D, Anexo B, Brasília/DF, CEP: 70.043-900